[Event "EU-ch U12 28th"]
[Site "Riga"]
[Date "2018.08.24"]
[Round "5"]
[White "Akulov, Mikhail"]
[Black "Krupa, Miroslav"]
[Result "1/2-1/2"]
[WhiteElo "1663"]
[BlackElo "1975"]
[PlyCount "47"]
[EventDate "2018.08.20"]
[EventType "swiss"]
[EventRounds "9"]
[EventCountry "LAT"]
[SourceTitle "CBM 186 Extra"]
[Source "ChessBase"]
[SourceDate "2018.08.24"]
[SourceVersion "1"]
[SourceVersionDate "2018.08.24"]
[SourceQuality "1"]

1. e4 c5 2. Nf3 d6 3. d4 cxd4 4. Nxd4 Nf6 5. Nc3 a6 6. Be2 e6 7. Be3 Nbd7 8. 0-0 Nc5 9. f3 Be7 10. Qd2 0-0 11. a4 Qc7 12. a5 e5 13. Nb3 Nxb3 14. cxb3 Be6 15. Bb6 Qd7 16. Nd5 Nxd5 17. exd5 Bf5 18. Rac1 Rac8 19. Rc4 h6 20. Rfc1 Bg5 21. Be3 Bf6 22. Bb6 Bg5 23. Be3 Bf6 24. Bb6 1/2-1/2

[Event "EU-ch U10 26th"]
[Site "Prague"]
[Date "2016.08.26"]
[Round "8"]
[White "Stefanou, Konstantinos"]
[Black "Akulov, Mikhail"]
[Result "1-0"]
[WhiteElo "1357"]
[BlackElo "1542"]
[PlyCount "169"]
[EventDate "2016.08.18"]
[EventType "swiss"]
[EventRounds "9"]
[EventCountry "CZE"]
[SourceTitle "CBM 174 Extra"]
[Source "ChessBase"]
[SourceDate "2016.10.10"]
[SourceVersion "1"]
[SourceVersionDate "2016.10.10"]
[SourceQuality "1"]

1. c4 Nf6 2. Nc3 g6 3. e3 Bg7 4. Nge2 0-0 5. g3 d6 6. Bg2 e5 7. 0-0 Nc6 8. d4 Bd7 9. b3 Qc8 10. Bb2 Bh3 11. a3 Bxg2 12. Kxg2 a5 13. Qc2 Nh5 14. Nd5 Kh8 15. b4 Qd8 16. Rfd1 Nf6 17. Nxf6 Qxf6 18. b5 Nb8 19. dxe5 dxe5 20. Rd2 Qe6 21. Rad1 c6 22. Rd8 cxb5 23. cxb5 f6 24. Qc7 Nc6 25. bxc6 Qxc6+ 26. Qxc6 bxc6 27. Rxf8+ Rxf8 28. Rd6 Rc8 29. f4 Kg8 30. fxe5 fxe5 31. Rd7 c5 32. Rd5 c4 33. Rxa5 e4 34. Bxg7 Kxg7 35. Rb5 Ra8 36. Rb4 Rxa3 37. Kf2 c3 38. Rc4 Kf6 39. Nxc3 Kf5 40. Nxe4 Ra2+ 41. Kg1 Re2 42. Nf2 Rxe3 43. Kg2 Ra3 44. Rc7 h5 45. Rc5+ Kf6 46. Rc2 Kg7 47. Nh3 Ra5 48. Nf4 Ra6 49. Re2 Kf6 50. Rc2 Rd6 51. Rc5 Rd2+ 52. Kh3 g5 53. Nxh5+ Kg6 54. g4 Kh7 55. Rxg5 Kh8 56. Ng3 Rd3 57. Kh4 Rd2 58. h3 Rh2 59. Rh5+ Kg8 60. Kg5 Ra2 61. h4 Ra6 62. Nf5 Rb6 63. Kf4 Rb4+ 64. Kf3 Rb3+ 65. Ne3 Kg7 66. Rf5 Kh6 67. h5 Ra3 68. Rf6+ Kg5 69. Rg6+ Kh4 70. h6 Kh3 71. h7 Kh2 72. h8Q+ Kg1 73. Kf4 Ra4+ 74. Ke5 Ra3 75. Qh3 Rxe3+ 76. Qxe3+ Kg2 77. g5 Kh2 78. Rh6+ Kg2 79. Qh3+ Kf2 80. Rf6+ Ke2 81. Qg2+ Kd3 82. Rf3+ Kc4 83. Qc2+ Kb5 84. Rb3+ Ka4 85. Qa2# 1-0

[Event "EU-ch U10 26th"]
[Site "Prague"]
[Date "2016.08.19"]
[Round "2"]
[White "Davtyan, Arsen"]
[Black "Akulov, Mikhail"]
[Result "1-0"]
[WhiteElo "1752"]
[BlackElo "1542"]
[PlyCount "91"]
[EventDate "2016.08.18"]
[EventType "swiss"]
[EventRounds "9"]
[EventCountry "CZE"]
[SourceTitle "CBM 174 Extra"]
[Source "ChessBase"]
[SourceDate "2016.10.10"]
[SourceVersion "1"]
[SourceVersionDate "2016.10.10"]
[SourceQuality "1"]

1. d4 d5 2. c4 e6 3. Nf3 Nf6 4. g3 Nbd7 5. Bg2 Be7 6. 0-0 a6 7. Nbd2 0-0 8. Qc2 Rb8 9. e4 dxc4 10. Nxc4 b5 11. Na5 Bb7 12. Nxb7 Rxb7 13. Rd1 Re8 14. Bf4 Nf8 15. Ne5 Qc8 16. Nc6 Ng6 17. Nxe7+ Nxe7 18. Bg5 Nd7 19. Rac1 Ng6 20. e5 Ra7 21. Be3 Nb6 22. d5 Qb8 23. d6 cxd6 24. Qc6 Nxe5 25. Qxb6 Qxb6 26. Bxb6 Rae7 27. b3 d5 28. Bc7 Ng6 29. f4 h6 30. Bb6 h5 31. h4 Nf8 32. Bd4 Nh7 33. Rc6 Ra8 34. Rdc1 Ree8 35. Rc7 Red8 36. Bf3 g6 37. b4 a5 38. Rb7 axb4 39. Rcc7 Rdc8 40. Rxf7 Rc1+ 41. Kh2 Rxa2+ 42. Kh3 Rcc2 43. Be2 Rxe2 44. Rg7+ Kf8 45. Bc5+ Ke8 46. Rb8# 1-0